000 00427nam a2200181Ia 4500
001 13513
005 20260306164806.0
008 260306t2010||||xx |||||||||||||| ||spa||
041 _aESP
082 _a004.6
_bG91
100 _aGuichard, Jim
_eAUT
245 0 _aDefinitive MPLS network designs
260 _c2010
300 _axxv, 516 páginas :
_c23 cm.
650 _aGEN
654 _aCCC
942 _cLIB
_dJUS
_fJUS
_2ddc
_n
999 _c13513
_d13513